000 00343 a2200169 4500
001 163684
020 _a
040 _cMagnum
100 _aPorto, Cristina
240 1 0 _aVassoura, varredeira
_lpor
245 1 0 _aVassoura, varredeira
300 _a24
362 0 _a1986
440 1 _aFTD
697 _aLITERATURA INFANTIL
942 _cBK
999 _c163684
_d163684